00559 2200193 4500001002100000008004100021035002000062245006000082100002200142260003300164300003100197020002200228084001600250520004100266082001000307650002600317990001100343990001100354INLIS000000000014725 ind  a0010-1022000043 aStop! Koresterol TinggicUlfah Nurrahmani; editor, Qoni aULFAH, Nurrahmani aYogyakarta :bFamilia,c2021 aix, 144 hal.: ilus.c20 cm a978-602-310-017-0 a613.2 ULF s aBibliografi : hal.143-144, Glosarium a613.2 aKESEHATAN. KORESTEROL a9565 a a9565 b